000 00611nam a2200205Ia 4500
003 GCL
008 140319s9999 xx 000 0 ara d
040 _aGCL /
_cGCL
082 0 4 _aط
_b813.087
_bا س
100 1 _aشركة سفير
245 1 0 _aغابة الخيرزان /
_cشركة سفير
700 1 _aاشرف سيد العقبى
700 1 _aيحيى عبده
260 _a[S.N] :
_bشركة سفير ،
_c1993
490 _aسلسلة مغامرات سفير
_v0
650 0 4 _aالاطفال
650 0 4 _aالقصص البوليسية
650 0 4 _aقصص الاطفال
942 _2ddc
_cBK
999 _c56660
_d56660